{"text_format":"1","workbook":"xlsx","n_sheets":1,"sheets":["inv_fab_cig_abril_2022"],"not_rendered":{"charts":0,"images":3,"macros":0,"external_links":0,"defined_names":1,"comments":0,"pivot_tables":0},"unopened":[],"bounds":{"document_bytes":16777216,"sheet_cells":100000,"rows_first":2000,"rows_last":500,"rows_between":2000,"halvings":0,"cell_chars":16384,"cell_head_chars":4096},"cells_cut":0,"cells_raw":0,"read":"whole","date_system":"1900"}

{"sheet":"inv_fab_cig_abril_2022","index":0,"n_rows":207,"n_cols":8,"rows_kept":207,"cut":false,"hidden":false,"merged":[[206,0,206,6],[152,0,152,7],[153,0,153,7],[154,0,154,7],[156,0,160,0],[156,1,160,1],[156,2,160,2],[156,3,160,3],[156,4,160,4],[156,5,160,5],[156,6,160,6],[156,7,160,7],[81,6,85,6],[81,7,85,7],[133,0,133,6],[77,0,77,7],[78,0,78,7],[79,0,79,7],[1,0,1,7],[2,0,2,7],[3,0,3,7],[46,0,46,6],[81,0,85,0],[81,1,85,1],[81,2,85,2],[81,3,85,3],[81,4,85,4],[81,5,85,5],[5,1,9,1],[5,2,9,2],[5,3,9,3],[5,4,9,4],[5,5,9,5],[5,6,9,6],[5,7,9,7],[5,0,9,0]]}
[]
["INSTITUTO DEL TABACO DE LA REPÚBLICA DOMINICANA"]
["INVENTARIO FABRICA DE CIGARROS"]
["MES DE ABRIL 2022"]
[]
["Fecha de adquisición y/o registro","Artículo","Código institucional","Descripción artículo","Existencia","Unidad","Costo","Valor"]
[]
[]
[]
[]
["2018-03-05","ANILLO ( 542 )","ANILLO.B.D","ANILLO BANDERA DOM",3500,"UND",2.7730000000000001,{"$f":"+G11*E11","v":9705.5}]
["2016-02-01","GENERAL ( 10 )","VINOTINTO","VINO TINTO LA FUERZA",204,"UNIDAD",147.13901999999999,30016.360079999999]
["2017-05-30","MADERA ( 3 )","CAJ OKUME","CAJ OKUME 50X5 DE 10",32,"UND",165,5280]
["2016-11-07","MADERA ( 3 )","CAJ.OKUME","CAJA OKUME 54X5 DE 10",165,"UND",167,27555]
["2018-03-12","MADERA ( 3 )","CAJA  AGR","CAJA  AGR 54X6 DE 10",62,"UND",328.28321999999997,20353.559639999999]
["2018-03-12","MADERA ( 3 )","CAJA OKUME","CAJ OKUME 54X6 DE10",83,"UND",172,14276]
["2018-03-12","MADERA ( 3 )","CAJA.OKUME","CAJ OKUME 60X5 DE 10",79,"UND",172,13588]
["2017-03-14","MADERA ( 3 )","CAJA-OKUME","CAJ OKUME 52X6 DE 10",180,"UND",171,30780]
["2017-03-14","MADERA ( 3 )","CIG. C10-OKUM","CIG. ROBUSTO C10 54X5 OKUME",6,"CAJA",167,1002]
["2017-03-14","MATERIALES ( 9 )","SHOPPING 1","SHOPPING MEDIANO",1000,"UND",35.4,35400]
["2017-03-14","MATERIALES ( 9 )","SHOPPING 2","SHOPPING GRANDE",1000,"UND",53.1,53100]
["2017-03-14","MATERIALES ( 9 )","CAJ10 50X6","CAJA 50X6 DE 10 UNIDADES",46,"UND",207.88,9562.48]
["2017-03-14","MATERIALES ( 9 )","CAJ20","CAJA 44X6 DE 20 UNIDADES",15,"CAJ 20",130.30779999999999,1954.6169999999997]
["2017-03-14","MATERIALES ( 9 )","CAJ5 50X5","CAJA 50X5 DE 5 UNIDADES",170,"UND",173.38,29474.6]
["2017-03-14","MATERIALES ( 9 )","CAJ5 54X5","CAJA 54X5 DE 5 UNIDADES",29,"UND",178.98330000000001,5190.5157000000008]
["2017-03-14","MATERIALES ( 9 )","CAJA 50X5-10","CAJA 50X5 DE 10 UNIDADES",40,"UND",197.62710000000001,7905.0840000000007]
["2017-03-14","MATERIALES ( 9 )","CAJA 54X5","CAJA 54X5 DE 10 UNIDADES",65,"UND",205.0847,13330.505499999999]
["2017-03-14","MATERIALES ( 9 )","CAJUELA DE CEDRO","CAJUELA DE CEDRO",26,"UND",665,17290]
["2017-03-14","OTROS ( 5 )","CAJ","CAJA DE 3 UND 50X5",183,"CAJA",132.19999999999999,24192.6]
["2017-03-14","OTROS ( 5 )","CAJA 3","CIG.ROBUSTO C3 50X5",31,"CAJA",132.19999999999999,4098.2]
["2017-03-10","OTROS ( 5 )","EC62X8","ESTUCHE CELOFAN 62X8 1/2",4,"MILLAR",780.00360000000001,3120.0144]
["2017-03-10","OTROS ( 5 )","RPC195","ROLLO PAPEL CELOFAN 195",1,"ROLLO",7250.0025999999998,7250.0025999999998]
["2016-11-07","OTROS ( 5 )","CIG.60X5","CIGARRO ROBUSTO 60X5",2036,"UND",70.289559999999994,143109.54415999999]
["2016-11-07","SUMINISTROS ( 6 )","EC54X8.","ESTUCHE CELOFAN 54X8",1,"MILLAR",702.1,702.1]
["2016-11-07","TABACO OTROS ( 8 )","CAJA- OKUME","CIG.ROBUSTO C10 50X5 OKUME",5,"CAJA",165,825]
["2016-11-07","TABACO OTROS ( 8 )","CIAGARRO 54X4½","CIGARROS ROBUSTO 54X4½",133,"UND",66.881500000000003,8895.2394999999997]
["2017-06-06","TABACO OTROS ( 8 )","CIGARRO CORONA-50X5","CIGARRO ROBUSTO-50X5",7296,"UND",70.512389999999996,514458.39743999997]
["2017-04-10","TABACO OTROS ( 8 )","CIGARROS 44X5","CIGARROS CORONA 44X5",2765,"UND",54.691789999999997,151222.79934999999]
["2017-04-03","TABACO OTROS ( 8 )","CIGARROS 50X6","CIGARRO ROBUSTO 50X6",2796,"UND",70.289479999999998,196529.38608]
["2017-04-03","TABACO OTROS ( 8 )","CIGARROS 52X6","CIGARROS ROBUSTO 52X6",3300,"UND",70.286919999999995,231946.83599999998]
["2017-04-03","TABACO OTROS ( 8 )","CIGARROS 54X5","CIGARROS ROBUSTO 54X5",10488,"UND",70.25421,736826.15448000003]
["2017-04-03","TABACO OTROS ( 8 )","CIGARROS 54X5½","CIGARROS ROBUSTO 54X5½",358,"UND",70.281059999999997,25160.619479999998]
["2021-03-31","TABACO OTROS ( 8 )","CIGARROS 54X6","CIGARROS ROBUSTO 54X6",1969,"UND",70.290019999999998,138401.04938000001]
["2021-03-31","TABACO OTROS ( 8 )","CIGARROS 60X6","CIGARROS ROBUSTO 60X6",835,"UND",70.290000000000006,58692.150000000009]
["2021-03-31","TABACO OTROS ( 8 )","CIGCORC20-50X63/8","CIGARRO CHURCHILL 50X63/8              ",53,"UND",70.290000000000006,3725.3700000000003]
["2021-03-31","TABACO OTROS ( 8 )","CIGCORUND","CIGARRO CORONA 44X6",130,"UND",62.48,8122.4]
["TOTAL",null,null,null,null,null,null,{"$f":"SUM(H11:H46)","v":2583042.0847900002}]
[]
[]
[]
[]
[]
[]
[]
[]
[]
[]
[]
[]
[]
[]
[]
[]
[]
[]
[]
[]
[]
[]
[]
[]
[]
[]
[]
[]
[]
[]
["INSTITUTO DEL TABACO DE LA REPÚBLICA DOMINICANA"]
["INVENTARIO FABRICA DE CIGARROS"]
["MES DE MAYO 2022"]
[]
["Fecha de adquisición y/o registro","Artículo","Código institucional","Descripción artículo","Existencia","Unidad","Costo","Valor"]
[]
[]
[]
[]
["2018-03-05","ANILLO ( 542 )","ANILLO.B.D","ANILLO BANDERA DOM",3500,"UND",2.7730000000000001,{"$f":"+G87*E87","v":9705.5}]
["2016-02-01","GENERAL ( 10 )","VINOTINTO","VINO TINTO LA FUERZA",202,"UNIDAD",147.13901999999999,29722.082039999998]
["2017-05-30","MADERA ( 3 )","AGR","CIG.ROBUSTO AGR C10-54X6",2,"CAJA",328.28321999999997,656.56643999999994]
["2016-11-07","MADERA ( 3 )","CAJ OKUME","CAJ OKUME 50X5 DE 10",22,"UND",165,3630]
["2018-03-12","MADERA ( 3 )","CAJ.OKUME","CAJA OKUME 54X5 DE 10",150,"UND",167,25050]
["2018-03-12","MADERA ( 3 )","CAJA  AGR","CAJA  AGR 54X6 DE 10",51,"UND",328.28321999999997,16742.444219999998]
["2018-03-12","MADERA ( 3 )","CAJA OKUME","CAJ OKUME 54X6 DE10",70,"UND",172,12040]
["2017-03-14","MADERA ( 3 )","CAJA.OKUME","CAJ OKUME 60X5 DE 10",64,"UND",172,11008]
["2017-03-14","MADERA ( 3 )","CAJA-OKUME","CAJ OKUME 52X6 DE 10",175,"UND",171,29925]
["2017-03-14","MADERA ( 3 )","CIG. C10 OKUME","CIG. ROBUSTO C10 54X6 OKUME",12,"CAJA",172,2064]
["2017-03-14","MADERA ( 3 )","CIG. C10-OKUM","CIG. ROBUSTO C10 54X5 OKUME",1,"CAJA",167,167]
["2017-03-14","MADERA ( 3 )","CIG. C10-OKUME","CIG. ROBUSTO C10 60X5 OKUME",12,"CAJA",172,2064]
["2017-03-14","MATERIALES ( 9 )","SHOPPING 1","SHOPPING MEDIANO",950,"UND",35.4,33630]
["2017-03-14","MATERIALES ( 9 )","SHOPPING 2","SHOPPING GRANDE",950,"UND",53.1,50445]
["2017-03-14","MATERIALES ( 9 )","ANIL","ANILLO  ESPECIAL",5000,"UND",2.4780000000000002,12390.000000000002]
["2017-03-14","MATERIALES ( 9 )","ANILLO GRANDE","ANILLO GRANDE",10000,"UND",2.714,27140]
["2017-03-14","MATERIALES ( 9 )","CAJ10 50X6","CAJA 50X6 DE 10 UNIDADES",40,"UND",207.88,8315.2000000000007]
["2017-03-14","MATERIALES ( 9 )","CAJ20","CAJA 44X6 DE 20 UNIDADES",15,"CAJ 20",130.30779999999999,1954.6169999999997]
["2017-03-14","MATERIALES ( 9 )","CAJ5 50X5","CAJA 50X5 DE 5 UNIDADES",155,"UND",173.38,26873.899999999998]
["2017-03-14","MATERIALES ( 9 )","CAJA 50X5-10","CAJA 50X5 DE 10 UNIDADES",30,"UND",197.62710000000001,5928.8130000000001]
["2017-03-10","MATERIALES ( 9 )","CAJA 54X5","CAJA 54X5 DE 10 UNIDADES",45,"UND",205.0847,9228.8114999999998]
["2017-03-10","MATERIALES ( 9 )","CAJUELA DE CEDRO","CAJUELA DE CEDRO",26,"UND",665,17290]
["2016-11-07","OTROS ( 5 )","A.G1","ANILLO C. GRANDE",10000,"UND",2.714,27140]
["2016-11-07","OTROS ( 5 )","CAJ","CAJA DE 3 UND 50X5",120,"CAJA",132.19999999999999,15863.999999999998]
["2016-11-07","OTROS ( 5 )","CAJA 3","CIG.ROBUSTO C3 50X5",94,"CAJA",132.19999999999999,12426.8]
["2016-11-07","OTROS ( 5 )","CIG.ROBUSTO C10-54X5","CIG.ROBUSTO C10-54X5",10,"UND",205.0847,2050.8469999999998]
["2017-06-06","OTROS ( 5 )","EC62X8","ESTUCHE CELOFAN 62X8 1/2",4,"MILLAR",780.00360000000001,3120.0144]
["2017-04-10","OTROS ( 5 )","RPC195","ROLLO PAPEL CELOFAN 195",1,"ROLLO",7250.0025999999998,7250.0025999999998]
["2017-04-03","OTROS ( 5 )","CIG.60X5","CIGARRO ROBUSTO 60X5",1886,"UND",70.289559999999994,132566.11015999998]
["2017-04-03","SUMINISTROS ( 6 )","EC54X8.","ESTUCHE CELOFAN 54X8",1,"MILLAR",702.1,702.1]
["2017-04-03","TABACO OTROS ( 8 )","CIG. OKUME","CIG. ROBUSTO C10 52X6 OKUME",2,"CAJA",171,342]
["2017-04-03","TABACO OTROS ( 8 )","CAJA- OKUME","CIG.ROBUSTO C10 50X5 OKUME",4,"CAJA",165,660]
["2021-03-31","TABACO OTROS ( 8 )","CIAGARRO 54X4½","CIGARROS ROBUSTO 54X4½",133,"UND",66.881500000000003,8895.2394999999997]
["2021-03-31","TABACO OTROS ( 8 )","CIGARRO 50X5","CIGA.ROBUSTO C10 50X5  ",4,"CAJA",197.62710000000001,790.50840000000005]
["2021-03-31","TABACO OTROS ( 8 )","CIGARRO CORONA-50X5","CIGARRO ROBUSTO-50X5",6583,"UND",70.512389999999996,464183.06336999999]
["2021-03-31","TABACO OTROS ( 8 )","CIGARROS 44X5","CIGARROS CORONA 44X5",2100,"UND",54.691789999999997,114852.75899999999]
["2021-03-31","TABACO OTROS ( 8 )","CIGARROS 50X6","CIGARRO ROBUSTO 50X6",2696,"UND",70.289479999999998,189500.43807999999]
["2021-07-31","TABACO OTROS ( 8 )","CIGARROS 52X6","CIGARROS ROBUSTO 52X6",6814,"UND",70.287899999999993,478941.75059999997]
["2021-07-31","TABACO OTROS ( 8 )","CIGARROS 54X5","CIGARROS ROBUSTO 54X5",9781,"UND",70.255679999999998,687170.80608000001]
["2021-07-31","TABACO OTROS ( 8 )","CIGARROS 54X5½","CIGARROS ROBUSTO 54X5½",224,"UND",70.281059999999997,15742.957439999998]
["2021-07-31","TABACO OTROS ( 8 )","CIGARROS 54X6","CIGARROS ROBUSTO 54X6",1729,"UND",70.290019999999998,121531.44458]
["2021-07-31","TABACO OTROS ( 8 )","CIGARROS 60X6","CIGARROS ROBUSTO 60X6",830,"UND",70.290000000000006,58340.700000000004]
["2021-07-31","TABACO OTROS ( 8 )","CIGC10(50X6)","CIGARRO ROBUSTO C10 50X6",1,"CAJA",207.88,207.88]
["2021-07-31","TABACO OTROS ( 8 )","CIGC5(50X5)","CIGARRO ROBUSTO C5 50X5",7,"CAJA",173.38,1213.6599999999999]
["2021-07-31","TABACO OTROS ( 8 )","CIGC5(54X5)","CIGARRO ROBUSTO C5 54X5",15,"CAJA",178.98330000000001,2684.7495000000004]
["2021-07-31","TABACO OTROS ( 8 )","CIGCORC20-50X63/8","CIGARRO CHURCHILL 50X63/8              ",50,"UND",70.290000000000006,3514.5000000000005]
["2021-07-31","TABACO OTROS ( 8 )","CIGCORUND","CIGARRO CORONA 44X6",130,"UND",62.48,8122.4]
["TOTAL",null,null,null,null,null,null,{"$f":"SUM(H87:H133)","v":2693785.6649100003}]
[]
[]
[]
[]
[]
[]
[]
[]
[]
[]
[]
[]
[]
[]
[]
[]
[]
[]
["INSTITUTO DEL TABACO DE LA REPÚBLICA DOMINICANA"]
["INVENTARIO FABRICA DE CIGARROS"]
["MES DE JUNIO 2022"]
[]
["Fecha de adquisición y/o registro","Artículo","Código institucional","Descripción artículo","Existencia","Unidad","Costo","Valor"]
[]
[]
[]
[]
["2018-03-05","ANILLO ( 542 )","ANILLO.B.D","ANILLO BANDERA DOM",3500,"UND",2.7730000000000001,{"$f":"+G162*E162","v":9705.5}]
["2016-02-01","GENERAL ( 10 )","VINOTINTO","VINO TINTO LA FUERZA",200,"UNIDAD",147.13901999999999,29427.803999999996]
["2017-05-30","MADERA ( 3 )","AGR","CIG.ROBUSTO AGR C10-54X6",7,"CAJA",328.28321,2297.9824699999999]
["2016-11-07","MADERA ( 3 )","CAJ OKUME","CAJ OKUME 50X5 DE 10",22,"UND",165,3630]
["2018-03-12","MADERA ( 3 )","CAJ.OKUME","CAJA OKUME 54X5 DE 10",93,"UND",167,15531]
["2018-03-12","MADERA ( 3 )","CAJA  AGR","CAJA  AGR 54X6 DE 10",31,"UND",328.28321999999997,10176.77982]
["2018-03-12","MADERA ( 3 )","CAJA OKUME","CAJ OKUME 54X6 DE10",41,"UND",172,7052]
["2017-03-14","MADERA ( 3 )","CAJA.OKUME","CAJ OKUME 60X5 DE 10",56,"UND",172,9632]
["2017-03-14","MADERA ( 3 )","CAJA-OKUME","CAJ OKUME 52X6 DE 10",145,"UND",171,24795]
["2017-03-14","MADERA ( 3 )","CIG. C10 OKUME","CIG. ROBUSTO C10 54X6 OKUME",26,"CAJA",172,4472]
["2017-03-14","MADERA ( 3 )","CIG. C10-OKUM","CIG. ROBUSTO C10 54X5 OKUME",45,"CAJA",167,7515]
["2017-03-14","MADERA ( 3 )","CIG. C10-OKUME","CIG. ROBUSTO C10 60X5 OKUME",9,"CAJA",172,1548]
["2017-03-14","MATERIALES ( 9 )","SHOPPING 1","SHOPPING MEDIANO",950,"UND",35.4,33630]
["2017-03-14","MATERIALES ( 9 )","SHOPPING 2","SHOPPING GRANDE",950,"UND",53.1,50445]
["2017-03-14","MATERIALES ( 9 )","ANIL","ANILLO  ESPECIAL ",5000,"UND",2.4780000000000002,12390.000000000002]
["2017-03-14","MATERIALES ( 9 )","ANILLO GRANDE","ANILLO GRANDE",10000,"UND",2.714,27140]
["2017-03-14","MATERIALES ( 9 )","CAJ10 50X6","CAJA 50X6 DE 10 UNIDADES",39,"UND",207.88,8107.32]
["2017-03-14","MATERIALES ( 9 )","CAJ20","CAJA 44X6 DE 20 UNIDADES",15,"CAJ 20",130.30779999999999,1954.6169999999997]
["2017-03-14","MATERIALES ( 9 )","CAJ5 50X5","CAJA 50X5 DE 5 UNIDADES",115,"UND",173.38,19938.7]
["2017-03-14","MATERIALES ( 9 )","CAJA 54X5","CAJA 54X5 DE 10 UNIDADES",40,"UND",205.0847,8203.387999999999]
["2017-03-10","MATERIALES ( 9 )","CAJUELA DE CEDRO","CAJUELA DE CEDRO",26,"UND",665,17290]
["2017-03-10","OTROS ( 5 )","A.G1","ANILLO C. GRANDE",10000,"UND",2.714,27140]
["2016-11-07","OTROS ( 5 )","CAJ","CAJA DE 3 UND 50X5",120,"CAJA",132.19999999999999,15863.999999999998]
["2016-11-07","OTROS ( 5 )","CAJA 3","CIG.ROBUSTO C3 50X5",58,"CAJA",132.19999999999999,7667.5999999999995]
["2016-11-07","OTROS ( 5 )","CIG.ROBUSTO C10-54X5","CIG.ROBUSTO C10-54X5",8,"UND",205.0847,1640.6776]
["2016-11-07","OTROS ( 5 )","EC62X8","ESTUCHE CELOFAN 62X8 1/2",4,"MILLAR",780.00360000000001,3120.0144]
["2017-06-06","OTROS ( 5 )","RPC195","ROLLO PAPEL CELOFAN 195",1,"ROLLO",7250.0025999999998,7250.0025999999998]
["2017-04-10","OTROS ( 5 )","CIG.60X5","CIGARRO ROBUSTO 60X5",1735,"UND",70.289559999999994,121952.38659999998]
["2017-04-03","SUMINISTROS ( 6 )","EC54X8.","ESTUCHE CELOFAN 54X8",1,"MILLAR",702.1,702.1]
["2017-04-03","TABACO OTROS ( 8 )","CIG. OKUME","CIG. ROBUSTO C10 52X6 OKUME",18,"CAJA",171,3078]
["2017-04-03","TABACO OTROS ( 8 )","CIAGARRO 54X4½","CIGARROS ROBUSTO 54X4½",133,"UND",66.881500000000003,8895.2394999999997]
["2017-04-03","TABACO OTROS ( 8 )","CIGARRO 50X5","CIGA.ROBUSTO C10 50X5  ",4,"CAJA",197.62710000000001,790.50840000000005]
["2021-03-31","TABACO OTROS ( 8 )","CIGARRO CORONA-50X5","CIGARRO ROBUSTO-50X5",5010,"UND",70.512389999999996,353267.07389999996]
["2021-03-31","TABACO OTROS ( 8 )","CIGARROS 44X5","CIGARROS CORONA 44X5",1828,"UND",54.691789999999997,99976.592120000001]
["2021-03-31","TABACO OTROS ( 8 )","CIGARROS 50X6","CIGARRO ROBUSTO 50X6",2586,"UND",70.289479999999998,181768.59527999998]
["2021-03-31","TABACO OTROS ( 8 )","CIGARROS 52X6","CIGARROS ROBUSTO 52X6",8050,"UND",70.287999999999997,565818.4]
["2021-03-31","TABACO OTROS ( 8 )","CIGARROS 54X5","CIGARROS ROBUSTO 54X5",8342,"UND",70.255679999999998,586072.88255999994]
["2021-07-31","TABACO OTROS ( 8 )","CIGARROS 54X5½","CIGARROS ROBUSTO 54X5½",154,"UND",70.281059999999997,10823.283239999999]
["2021-07-31","TABACO OTROS ( 8 )","CIGARROS 54X6","CIGARROS ROBUSTO 54X6",1541,"UND",70.290019999999998,108316.92082]
["2021-07-31","TABACO OTROS ( 8 )","CIGARROS 60X6","CIGARROS ROBUSTO 60X6",755,"UND",70.290000000000006,53068.950000000004]
["2021-07-31","TABACO OTROS ( 8 )","CIGC10(50X6)","CIGARRO ROBUSTO C10 50X6",1,"CAJA",207.88,207.88]
["2021-07-31","TABACO OTROS ( 8 )","CIGC5(50X5)","CIGARRO ROBUSTO C5 50X5",11,"CAJA",173.38,1907.1799999999998]
["2021-07-31","TABACO OTROS ( 8 )","CIGC5(54X5)","CIGARRO ROBUSTO C5 54X5",4,"CAJA",178.98330000000001,715.93320000000006]
["2021-07-31","TABACO OTROS ( 8 )","CIGCORC20-50X63/8","CIGARRO CHURCHILL 50X63/8              ",50,"UND",70.290000000000006,3514.5000000000005]
["2021-07-31","TABACO OTROS ( 8 )","CIGCORUND","CIGARRO CORONA 44X6",130,"UND",62.48,8122.4]
["TOTAL",null,null,null,null,null,null,{"$f":"SUM(H162:H206)","v":2476563.2115099994}]